• 首页
  • 本馆介绍
  • 公告通知
  • 最新文献
  • 馆藏检索
  • 电子资源
  • 读者荐购
  • 参考咨询
  • CALIS
  • 我的图书馆
  • 登录
  • 详细信息显示
  • 放入我的书架
  • 预约/预借图书
  • 作者相关作品
  • 分类相关作品
  • 丛书相关作品
  • 出版社相关作品

书目信息

  • 表格格式
  • 工作单格式
  • 卡片格式
题名:
建筑识图与构造
    
 
作者: 魏艳萍 主编
分册:  
出版信息: 北京   中国电力出版社  2014.08
页数: 451页
开本: 26cm
丛书名: “十二五”职业教育国家规划教材
单 册:
中图分类: TU204.21
科图分类:
主题词: 建筑构造--jian zhu gou zao--职业教育--教材 , 建筑制图--jian zhu zhi tu--识图--职业教育--教材
电子资源:
ISBN: 978-7-5123-6100-3
 
 
 
 
 
000 01209nam 2200301 450
001 CAL 0120141393486
005 20150819134949.53
010    @a978-7-5123-6100-3@dCNY55.00
100    @a20140923d2014 em y0chiy50 ea
101 0  @achi
102    @aCN@b110000
105    @aa a 000yy
106    @ar
200 1  @a建筑识图与构造@Ajian zhu shi tu yu gou zao@f主编魏艳萍
205    @a第2版
210    @a北京@c中国电力出版社@d2014.08
215    @a451页@c图@d26cm
225 2  @a“十二五”职业教育国家规划教材@A“ shi er wu ” zhi ye jiao yu guo jia gui hua jiao cai
320    @a有书目 (第451页)
330    @a本书主要内容分为三大部分。第一部分为制图识图基础, 第二部分为建筑工程图的识读, 第三部分为建筑构造。本书在编写过程中, 以应用为主旨, 在理论上坚持必须、够用的原则, 深入浅出, 图文结合, 特别是书后附图, 把理论知识与实际工程紧密结合在一起, 起到了“画龙点睛”的作用。
410  0 @12001 @a“十二五”职业教育国家规划教材
586    @a
606 0  @a建筑构造@Ajian zhu gou zao@x职业教育@j教材
606 0  @a建筑制图@Ajian zhu zhi tu@x识图@x职业教育@j教材
690    @aTU204.21@v5
701  0 @a魏艳萍@Awei yan ping@4主编
801  0 @aCN@c20150820
905    @a河南城建学院图书馆@dTU204.21@eW605@f3
    
    建筑识图与构造/主编魏艳萍.-第2版.-北京:中国电力出版社,2014.08
    451页:图;26cm.-(“十二五”职业教育国家规划教材)
    
    
    ISBN 978-7-5123-6100-3:CNY55.00
    本书主要内容分为三大部分。第一部分为制图识图基础, 第二部分为建筑工程图的识读, 第三部分为建筑构造。本书在编写过程中, 以应用为主旨, 在理论上坚持必须、够用的原则, 深入浅出, 图文结合, 特别是书后附图, 把理论知识与实际工程紧密结合在一起, 起到了“画龙点睛”的作用。
●
相关链接 在E读中查询图书 在当当中查询图书 在豆瓣中查询图书


正题名:建筑识图与构造     索取号:TU204.21/W605         预约/预借

序号 登录号 条形码 馆藏地/架位号 状态 备注
1 1166506   211665063   建筑库101/101建筑库 39排5列3层/ [索取号:TU204.21/W605] 在馆    
2 1166507   211665072   建筑库101/101建筑库 39排5列3层/ [索取号:TU204.21/W605] 在馆    
3 1166508   211665081   建筑库101/101建筑库 39排5列3层/ [索取号:TU204.21/W605] 在馆    
河南城建学院图书馆 欢迎您!
大连网信软件有限公司© 版权所有